Jugando con el gato / (Registro nro. 4599)
[ vista simple ]
| 000 -LEADER | |
|---|---|
| fixed length control field | 02460nam a2200265Ia 4500 |
| 003 - CONTROL NUMBER IDENTIFIER | |
| control field | OSt |
| 005 - DATE AND TIME OF LATEST TRANSACTION | |
| control field | 20250702134351.0 |
| 008 - FIXED-LENGTH DATA ELEMENTS--GENERAL INFORMATION | |
| fixed length control field | 191128s1986 ck er 000 pdspa d |
| 020 ## - INTERNATIONAL STANDARD BOOK NUMBER | |
| International Standard Book Number | 95890750405 |
| 040 ## - CATALOGING SOURCE | |
| Original cataloging agency | CO-JMCR |
| Transcribing agency | CO-JMCR |
| 041 0# - LANGUAGE CODE | |
| Language code of text/sound track or separate title | spa |
| 082 04 - DEWEY DECIMAL CLASSIFICATION NUMBER | |
| Classification number | J-P |
| Item number | CASj |
| Edition number | 23 |
| 100 1# - MAIN ENTRY--PERSONAL NAME | |
| Personal name | Castro Saavedra, Carlos, |
| Relator term | autor |
| 9 (RLIN) | 8746 |
| 245 10 - TITLE STATEMENT | |
| Title | Jugando con el gato / |
| Statement of responsibility, etc. | Carlos Castro Saavedra |
| 250 ## - EDITION STATEMENT | |
| Edition statement | Primera Edición |
| 260 ## - PUBLICATION, DISTRIBUTION, ETC. | |
| Place of publication, distribution, etc. | Medellín : |
| Name of publisher, distributor, etc. | Biblioteca Pública Piloto de Medellín, |
| Date of publication, distribution, etc. | 1986. |
| 300 ## - PHYSICAL DESCRIPTION | |
| Extent | 203 páginas ; |
| Dimensions | 20 cm. |
| 500 ## - GENERAL NOTE | |
| General note | Incluye diferentes obras publicadas del autor en la solapa.<br/>Incluye datos biográficos del autor en la solapa posterior. |
| 505 0# - FORMATTED CONTENTS NOTE | |
| Formatted contents note | Un poco de alegría -- Versos y poesías -- Para Antioquia -- Tiranía -- Reaccionario -- El joven juvenal -- Fotografía del aburrimiento -- Politiqueros -- Paisaje intelectual -- Oración de la envidia -- La última fiesta -- Millonario -- Epitafio para Bolívar -- Buenas noticias -- Contratiempo -- Indiferencia -- Maternidad -- Desertor -- Dirigen al político -- Elefante -- Fiesta parroquial -- Palo arriba -- Ciertos doctores -- La paz -- Concierto -- Filantropía -- Don pepe -- Velorio -- Inventario de sueños -- Sobre infancia -- El mar -- En la olla -- Una sonrisa -- Gordura -- La guerra -- Tristeza, vieja fría -- Pequeñas cosas dulces -- Serapio -- Este señor -- Regionalismo -- Arriba las mujeres -- Soneto feliz -- Mediocridad -- La consigna -- Soneto casi gris -- Otra vez la montaña -- Cierta ternura -- Borrachos -- Timoteo -- Aplauso -- Ambiente -- Medio luto -- Auto burla -- Don trino -- Nota social -- Auto retrato -- Arribismo -- Tierra fría -- Tierra caliente -- Un tal Julio, señores -- A los soldados y los guerrilleros -- Contrabando -- La soledad -- Otra nota social -- Navegando con Gabo -- Declaración -- Resistencia -- Canción tonta -- Cosas de la vida -- Declamación -- Aun reptil -- Venancia -- Invierno -- Crónica de la provincia -- Estas cosas me gustan -- Recuerdo -- Paloma -- Declaraciones -- El tren -- Entre el amor y la pared -- Soneto Almibarado -- Testimonio -- Homenaje -- Lunes -- Ser poeta -- Aquí se habla de un caballo -- El viaje -- Los "vivos" -- Narcotráfico -- Atardecer -- Dios -- Petición -- Un poco de llanto |
| 546 ## - LANGUAGE NOTE | |
| Language note | spa |
| 650 14 - SUBJECT ADDED ENTRY--TOPICAL TERM | |
| Topical term or geographic name entry element | Poesía colombiana. |
| 9 (RLIN) | 8747 |
| 650 24 - SUBJECT ADDED ENTRY--TOPICAL TERM | |
| Topical term or geographic name entry element | Sentimientos en la literatura. |
| 9 (RLIN) | 40496 |
| 650 24 - SUBJECT ADDED ENTRY--TOPICAL TERM | |
| Topical term or geographic name entry element | Vida cotidiana en la poesía. |
| 9 (RLIN) | 41908 |
| 942 ## - ADDED ENTRY ELEMENTS (KOHA) | |
| Source of classification or shelving scheme | Dewey Decimal Classification |
| Koha item type | Books |
| Withdrawn status | Lost status | Source of classification or shelving scheme | Damaged status | Not for loan | Collection code | Home library | Current library | Shelving location | Date acquired | Source of acquisition | Total Checkouts | Full call number | Barcode | Date last seen | Date last checked out | Copy number | Koha item type |
|---|---|---|---|---|---|---|---|---|---|---|---|---|---|---|---|---|---|
| Dewey Decimal Classification | Fiction | Biblioteca Pública José María del Castillo y Rada | Biblioteca Pública José María del Castillo y Rada | Fiction | 11/28/2019 | Donación | 5 | J-P CASj | 201809603 | 07/24/2024 | 07/24/2024 | Ej.1 | Books |